Direito penal / (Record no. 717)

MARC details
000 -LÍDER
Campo Fixo de Controle 00824nam a2200277 a 4500
001 - NÚMERO DE CONTROLE
Campo de Controle 717
003 - IDENTIFICAÇÃO DO NÚMERO DE CONTROLE
Campo de Controle BR-CuiBMT
005 - DATA E HORA DA ÚLTIMA ATUALIZAÇÃO
Campo de Controle 20231129150210.0
008 - DADOS FIXOS
Dados Fixos 231114s2006 spb 000 0 por d
020 ## - INTERNATIONAL STANDARD BOOK NUMBER
Nº do ISBN 8533908679 (v. 1)
040 ## - AGÊNCIA CATALOGADORA
Código da Agência Catalogadora BR-CuiBMT
Agência que transcreveu o registro BR-CuiBMT
080 ## - Nº DA CLASSIFICAÇÃO DECIMAL UNIVERSAL
Nº edição CDU 2007
Nº Class. CDU 343.2
090 ## - NÚMERO DE CHAMADA
Nº classificação 343.2
Cutter P138d
100 1# - ENTRADA PRINCIPAL -- AUTOR PESSOAL
Nome pessoal Pagliuca, José Carlos Gobbis
245 10 - TÍTULO PRINCIPAL
Título principal Direito penal /
Indicação de responsabilidade José Carlos Gobbis Pagliuca.
260 ## - PUBLICAÇÃO, DISTRIBUIÇÃO, ETC.
Local de publicação São Paulo :
Editora Rideel,
Data 2006.
300 ## - DESCRIÇÃO FÍSICA
N. páginas ou volumes v. ;
Dimensões 21 cm
490 1# - INDICAÇÃO DE SÉRIE
Título da série Resumos de direito Rideel
504 ## - NOTA DE BIBLIOGRAFIA, ETC.
Nota de bibliografia Inclui bibliografia.
505 1# - NOTA DE CONTEÚDO
Nota de conteúdo v. 1. Parte especial (arts. 121 a 234)
590 ## - NOTA LOCAL
Nota local A Biblioteca possui somente o volume 1.
650 ## - ASSUNTO TÓPICO
Cabeçalho tópico ou nome geográfico Direito penal
Subdivisão geográfica Brasil
650 ## - ASSUNTO TÓPICO
Cabeçalho tópico ou nome geográfico Direito penal
Subdivisão geral Estudo e ensino
830 #0 - ENTRADA SECUNDÁRIA DE SÉRIE -- TÍTULO UNIFORME
Título uniforme Resumos de direito Rideel
942 ## - ELEMENTOS DE ENTRADA ADICIONAIS (KOHA)
Fonte de classificação ou esquema de arquivamento Classificação Decimal Universal
Tipo de item do Koha Livros
Holdings
Estado: removido Estado: perdido Fonte de classificação ou esquema de arquivamento Estado: danificado Indisponível para empréstimo Localização permanente Localização atual Data de aquisição Numeração serial ou cronológica (Volume) Total Checkouts Número de Chamada completo Código de barras Date last seen Número do exemplar Preço efetivo a partir de Tipo de item (Koha)
    Classificação Decimal Universal     Biblioteca da Escola Superior de Contas do TCE/MT Biblioteca da Escola Superior de Contas do TCE/MT 14/11/2023 v. 1   343.2 P138d BIBTCEMT23110568 14/11/2023 Ex. 1 14/11/2023 Livros

Powered by Koha